000 00631 a2200241 4500
260 _aParis
630 _a91 - Geographie. exploration de la terre, des diverses regions, des divers pays. Voyages. Geographie regionale
037 _b1, CIUF
650 _a9 - GEOGRAPHIE ET HISTOIRE
100 _aCarroué, Laurent
260 _bA. colin
245 _aGéographie de la mondialisation
300 _a256p
650 _aGéographie economique
260 _c2006
300 _b24 cm
100 _lFr
440 _aCollection U géographie
037 _a07/162
020 _a2-200-26724-X
999 _c45504
_d45504